| 000 | 00954nam a2200265 i 4500 | ||
|---|---|---|---|
| 001 | bg | ||
| 245 | 0 | 0 |
_aPodstawy ekonomii matematycznej : _bmateriały do ćwiczeń / _cred. nauk. Emil Panek. |
| 250 | _aWyd. 4 poszerz. | ||
| 260 |
_aPoznań : _bWydawnictwo Akademii Ekonomicznej, _c2002. |
||
| 300 |
_a284, [3] s. : _bil. ; _c24 cm. |
||
| 490 | 1 |
_aMateriały Dydaktyczne / Akademia Ekonomiczna w Poznaniu, _x1427-1117 ; _v125 |
|
| 504 | _aBibliogr. s. [287]. Indeks. | ||
| 650 | 9 | _aEkonometria | |
| 655 | _aPodręczniki akademickie | ||
| 700 | 1 |
_aPANEK, Emil _d(1948- ). _eRed. |
|
| 830 | 0 |
_aMateriały Dydaktyczne (Akademia Ekonomiczna w Poznaniu) ; _v125 |
|
| 020 | _a8389224003 | ||
| 040 | _cBPK | ||
| 041 | _apol | ||
| 080 | _a330.43(075.8) | ||
| 920 | _a83-89224-00-3 | ||
| 942 | _cKS | ||
| 008 | s pl f |000 0 pol | ||
| 999 |
_c52309 _d52309 |
||
| 856 |
_uhttp://koha.tu.koszalin.pl/cgi-bin/koha/opac-detail.pl?biblionumber=52309 _yKatalog online BPK |
||